000 00866nam a22002657a 4500
003 OSt
005 20220107122859.0
008 201012b xxu||||| |||| 00| 0 eng d
020 _a9783030277307
040 _cIIITMK
082 _a006.4 UHL/H
100 _aUhl, Andreas (Eds.)
_918241
245 _aHandbook of vacsular biometrics
_cAndreas Uhl, Christoph Busch, Sebastien Marcel, Raymond Veldhuis
260 _aSwitzerland,
_bSpringer,
_c2020
300 _axviii, 533p.
440 _aSpringer series in Advances in computer vision and pattern recognition
_918242
650 _aCOMPUTER SCIENCE
_918243
650 _aBIOMETRICS
_918244
650 _aVASCULAR BIOMETRICS
_918245
650 _aPATTERN RECOGNITION
_918246
700 _aBusch, Christoph
_918247
700 _aMarcel, Sebastien
_918248
700 _aVeldhuis, Raymond
_918249
942 _2ddc
_cBK
999 _c6790
_d6790